Vicente de Paul ó Los espositos (Record no. 152489)

MARC details
000 -LEADER
campo de control de longitud fija 00898nam a2200217 i 4500
001 - NÚMERO DE CONTROL
campo de control 152489
003 - IDENTIFICADOR DE NÚMERO DE CONTROL
campo de control ES-MaACL
005 - FECHA Y HORA DE LA ÚLTIMA TRANSACCIÓN
campo de control 20251003185624.0
008 - DATOS DE LONGITUD FIJA--INFORMACIÓN GENERAL
campo de control de longitud fija 931025s1843 sp |||| | spa d
100 1# - ENTRADA PRINCIPAL--NOMBRE DE PERSONA
Nombre de persona Bouchardy, Joseph.
9 (RLIN) 126100
245 10 - MENCIÓN DEL TÍTULO
Título Vicente de Paul ó Los espositos
Resto del título : drama en tres actos y en prosa /
Mención de responsabilidad, etc. escrito en frances por Bouchardy y traducido por Isidoro Gil.
260 ## - PUBLICACIÓN, DISTRIBUCIÓN, ETC.
Lugar de publicación, distribución, etc. Madrid :
Nombre del editor, distribuidor, etc. [Manuel Delgado],
Fecha de publicación, distribución, etc. 1843 (
Fabricante Imprenta de Yenes)
300 ## - DESCRIPCIÓN FÍSICA
Extensión 40 p. ;
Dimensiones 17 cm.
490 1# - MENCIÓN DE SERIE
Mención de serie Galeria dramatica
594 ## - Nota al título y mención de responsabilidad
Nota al título y mención de responsabilidad Editor tomado de la cub.
700 1# - ENTRADA AGREGADA--NOMBRE PERSONAL
Nombre de persona Gil y Baus, Isidoro,
Fechas asociadas al nombre 1814-1866
9 (RLIN) 56736
830 0# - PUNTO DE ACCESO ADICIONAL DE SERIE-TÍTULO UNIFORME
Título uniforme Galeria dramatica
9 (RLIN) 186796
852 ## - LOCALIZACIÓN
Ubicación ES-MaACL
Número de control de estantería F-8630(7)
Nota libre -- Enc. pasta española, falto de la cub. original
-- -- Enc. en un vol. facticio formando parte de la col. facticia "Teatro español moderno", vol. 85
Holdings
Estatus retirado Estado de pérdida Estado de daño No para préstamo Colección Biblioteca de origen Biblioteca actual Ubicación en estantería Fecha de adquisición Fuente de adquisición Total de préstamos Signatura topográfica completa Código de barras Visto por última vez Precio de reemplazo Tipo de ítem Koha
        Libros del s. XIX Biblioteca del Ateneo de Madrid Biblioteca del Ateneo de Madrid Sala Pecera Planta 2 17/01/2008     F-8630(7) 1159231 23/02/2023 23/02/2023 Libro impreso antiguo